| 000 | 00364nam a2200121Ia 4500 | ||
|---|---|---|---|
| 005 | 20260326100037.0 | ||
| 008 | 260326s9999||||xx |||||||||||||| ||und|| | ||
| 100 | _aTaine, Hipólito A. | ||
| 245 | 0 |
_aFilosofía del Arte : _b La Pintura en los Países bajos y la Escultura en Grecia / _cHipólito A. Taine |
|
| 260 | _bEspasa-Calpe | ||
| 650 | _aHISTORIA | ||
| 942 | _cBK | ||
| 999 |
_c6864 _d6864 |
||